Statistics for Unique 2 Letter Starting US States

Click here to take the quiz!

General Stats

  • This quiz has been taken 21 times
  • The average score is 18 of 25

Answer Stats

Answer% Correct
Georgia
90%
Hawaii
90%
California
85%
Iowa
85%
Florida
85%
Utah
85%
Ohio
80%
Kentucky
80%
Wyoming
80%
Oregon
75%
Kansas
70%
Idaho
70%
Washington
70%
Wisconsin
70%
Delaware
65%
Illinois
65%
Pennsylvania
65%
Vermont
65%
Virginia
65%
Indiana
60%
Louisiana
60%
Oklahoma
60%
Rhode Island
55%
West Virginia
55%
Montana
40%

Score Distribution

Percentile by Number Answered

Percent of People with Each Score

Your Score History

You have not taken this quiz